00748nam a2200205 a 450000100100000000500170001000800410002704000250006808200130009310000370010624500550014326000300019830000210022849000150024950000700026450000580033483000220039295201110041499900170052500004177120201002035738.0131017s1998 cl 000 0 spa d aDO-SdBNPbspacBNPHU axxxbxxx1 aSanta Ana, Antoniod1963-96862814aLos ojos del perro siberiano /cAntonio Santa Ana. aBogotá :bNorma,c1998. a132 p. ;c21 cm.1 aZona libre aIncluye datos bigráficos del autor en la solapa de la cubierta. aLa biblioteca posee la quinta reimpresión del 2002. 0aZona libre913266 001050718MOaGRbGRcCTd2013-10-17iLF1l0oxxx xxxp41771-10r2020-06-25w2020-06-25y1ZNo se presta c41260d41260